00515nam a2200145Ia 4500008004100000024001700041082002500058100002100083245004900104260002500153600002100178650003800199952011500237999001700352250506s9999 xx 000 0 und d a01B-36-BS-4Y a005.942753129072 TAL aTalha Hasan Khan 0aERP Project Management Practices in Pakistan aKarachi:bUIT,c2001 aComputer Science aBachelor of Computer Science (BS) 001040708PR-CSaUITUbUITUd2022-07-26l0o005.942753129072 TALpBS-42r2025-05-06 11:34:36w2025-05-06yPR c28737d28737